000 00530nam a2200181Ia 4500
003 OSt
005 20240217092942.0
008 210210b1931 xxu||||| |||| 00| 0 eng d
040 _cAL
041 _aKannada
082 _a852/227
100 _aGURU BASAVAPPA FAKIRAPPA ಗುರು ಬಸವಪ್ಪಾ ಫಕೀರಪ್ಪಾ
_9151821
245 _aAdayyana Vachanagalu
_bಆದಯ್ಯನ ವಚನಗಳು
260 _aMangaluru
_b-
_c1931
690 _aKannada Prose
_9151822
906 _a018795
942 _2ddc
_cBK
999 _c142349
_d142349